• 首页
  • 本馆介绍
  • 公告通知
  • 最新文献
  • 馆藏检索
  • 电子资源
  • 读者导购
  • 参考咨询
  • 我的图书馆
  • 登录
  • 详细信息显示
  • 放入我的书架
  • 预约/预借图书
  • 作者相关作品
  • 分类相关作品
  • 丛书相关作品
  • 出版社相关作品

书目信息

  • 表格格式
  • 工作单格式
  • 卡片格式
题名:
逻辑高手
    
 
作者: 李翠香 著
分册:  
出版信息: 北京   北京联合出版公司  2019
页数: 244页
开本: 21cm
丛书名:
单 册:
中图分类: B81-49 , B81 , B81
科图分类:
主题词: 逻辑学--Luo Ji Xue
电子资源:
ISBN: 978-7-5596-3472-6
000 00871nam0 2200241 450
001 2368497633
005 20230928190151.51
010    @a978-7-5596-3472-6@dCNY36.00
100    @a20191018d2019 ekmy0chiy50 ea
101 0  @achi
102    @aCN@b110000
105    @ay z 000yy
200 1  @a逻辑高手@ALuo Ji Gao Shou@e教你正确分析解决技巧和快速切换思考方式@f李翠香著
210    @a北京@c北京联合出版公司@d2019
215    @a244页@d21cm
330    @a本书介绍逻辑学的基本原理和相关技巧,从逻辑的概念、类型,到论证方法,再到基本规律,以贴近生活的方式讲述得明明白白。向读者提供各种思考问题的方式和角度,构建全方位的视角,为各种问题的解决和思考维度的延伸提供行之有效的指导。
606 0  @a逻辑学@ALuo Ji Xue
690    @aB81-49@v5
690    @aB81@v5
690    @aB81@v4
701  0 @a李翠香@ALi Cui Xiang@4著
801  0 @aCN@b山东中教@c20230928
905    @aBZT@dB81@e24
    
    逻辑高手:教你正确分析解决技巧和快速切换思考方式/李翠香著.-北京:北京联合出版公司,2019
    244页;21cm
    
    
    ISBN 978-7-5596-3472-6:CNY36.00
    本书介绍逻辑学的基本原理和相关技巧,从逻辑的概念、类型,到论证方法,再到基本规律,以贴近生活的方式讲述得明明白白。向读者提供各种思考问题的方式和角度,构建全方位的视角,为各种问题的解决和思考维度的延伸提供行之有效的指导。
●
相关链接 在五车中查询图书 在当当中查询图书 在豆瓣中查询图书


正题名:逻辑高手     索取号:B81/24         预约/预借

序号 登录号 条形码 馆藏地/架位号 状态 备注
1 2000969169   2000969169   第四书库/四2架A面4层2列/ [索取号:B81/24] 在馆    
2 2000969170   2000969170   第四书库/四2架A面4层2列/ [索取号:B81/24] 在馆    
3 2000969171   2000969171   第四书库/四2架A面4层2列/ [索取号:B81/24] 在馆    
4 2000969172   2000969172   第四书库/四2架A面4层2列/ [索取号:B81/24] 在馆    
5 2000969173   2000969173   第四书库/四2架A面4层2列/ [索取号:B81/24] 在馆    
6 2000969174   2000969174   第四书库/四2架A面4层2列/ [索取号:B81/24] 在馆    
山东省滨州职业学院图书馆 欢迎您!
大连网信软件有限公司© 版权所有